00617nam a2200217Ia 450000500170000000800410001708200210005810000190007924500520009826000470015030000110019765000100020865000110021865000120022965000140024165000130025565000130026894200060028195200970028799900150038420250205031125.0240331s9999 xx 000 0 und d bGOO24223a305.4 aGoonatilake, H 0aRegaining Lost Legacy & Women and Global Crisis aColombobKantha Handa Handa/Voice of Women a75 p., aWomen aGlobal aHistory aPolitical aBuddhism aReligion cL 001040708LaWERCLbWERCLcSSCd2024-03-31l0o 305.4 GOOp4223r2024-03-31w2024-03-31yL c1696d1696